Topics in plasma diagnostics (Record no. 3791)

MARC details
000 -LEADER
fixed length control field 00533nam a2200193Ia 4500
003 - CONTROL NUMBER IDENTIFIER
control field IN-BaIIA
008 - FIXED-LENGTH DATA ELEMENTS--GENERAL INFORMATION
fixed length control field 211028s9999 xx 000 0 eng d
020 ## - INTERNATIONAL STANDARD BOOK NUMBER
International Standard Book Number 306-30489-9
040 ## - CATALOGING SOURCE
Transcribing agency IIA Library
080 ## - UNIVERSAL DECIMAL CLASSIFICATION NUMBER
Universal Decimal Classification number 533
Item number POD
100 ## - MAIN ENTRY--PERSONAL NAME
Personal name Podgornyi, I. M
9 (RLIN) 6731
245 #0 - TITLE STATEMENT
Title Topics in plasma diagnostics
Statement of responsibility, etc. I. M. Podgornyi
260 ## - PUBLICATION, DISTRIBUTION, ETC.
Place of publication, distribution, etc. New York
Name of publisher, distributor, etc. Plenum Press
Date of publication, distribution, etc. 1971
300 ## - PHYSICAL DESCRIPTION
Extent xiv, 214p.
500 ## - GENERAL NOTE
General note Translation of Lekt︠s︡ii po diagnostike plazmy
650 ## - SUBJECT ADDED ENTRY--TOPICAL TERM
Topical term or geographic name entry element Plasma physics
9 (RLIN) 3732
650 ## - SUBJECT ADDED ENTRY--TOPICAL TERM
Topical term or geographic name entry element Plasmas
9 (RLIN) 1898
942 ## - ADDED ENTRY ELEMENTS (KOHA)
Koha item type Books
Holdings
Withdrawn status Lost status Damaged status Not for loan Home library Current library Shelving location Date acquired Cost, normal purchase price Total Checkouts Full call number Barcode Date last seen Cost, replacement price Price effective from Koha item type Purchase Price
        IIA Library-Bangalore IIA Library-Bangalore General Stacks 24/07/1971 151.88   533/ POD 4233 05/11/2021 151.88 24/07/1971 Books Rs. 151.88

Powered by Koha